00355nam a2200133Ia 4500008004100000041001200041082001600053100001700069245005800086260003200144300000800176650001900184700001800203221030s9999 xx 000 0 und d aEnglish a105.23bCho aS. D. Chopra 0aDifferential Calculuscby S. D. Chopra, M. L. Kochhar bKappor Pub.aSrinagarc1997 a408 aBE Mathematics aM. L. Kochhar